Statistics for Metals of Antiquity

Click here to take the quiz!

General Stats

  • This quiz has been taken 64,344 times
  • The average score is 5 of 7

Answer Stats

Metal% Correct
Gold
97%
Silver
94%
Iron
91%
Copper
87%
Tin
71%
Lead
57%
Mercury
49%

Score Distribution

Percentile by Number Answered

Percent of People with Each Score

Your Score History

You have not taken this quiz